| 000 | 00834nam2a2200253 4500 | ||
|---|---|---|---|
| 001 | RU\NLR\bibl\923701 | ||
| 005 | 20250614190852.0 | ||
| 010 |
_a5-8189-0520-9 _97000 |
||
| 021 |
_aRU _b2006-2641 _9119 |
||
| 035 | _a(NLR Aleph) 000911970 | ||
| 090 |
_a45376 _c45376 |
||
| 100 | _a20060330d2006 |||y0rusy50 ca | ||
| 101 | 1 |
_arus _ceng |
|
| 102 | _aRU | ||
| 105 | _aa ||||||||| | ||
| 200 | 1 | _aПутаница в джунглях | |
| 210 |
_d2006 _aБ. м. |
||
| 215 |
_a32 с. _cил. |
||
| 461 | 0 |
_1001RU\NLR\bibl\928282 _12001#$aМадагаскар$vN 2 _972786 _cМосква _d2006 _f[пер. с англ. А. Маркеловой] _nDream Works [и др.] _oкнижка-игрушка _tМадагаскар _vN 2 |
|
| 801 | 0 |
_aRU _bNLR _c20060330 _grcr |
|
| 801 | 1 |
_aRU _bNLR _c20060330 |
|
| 942 | _cBOOK | ||
| 980 | _aNB | ||